Rusko - čínske vzťahy po rozpade ZSSR bakalárska práca

Na minha lista:
Detalhes bibliográficos
Autor principal: Balážecová, Michaela
Autor Corporativo: Fakulta medzinárodných vzťahov EU. Katedra medzinárodných politických vzťahov
Outros Autores: Čech, Ľubomír, 1955-
Formato: Livro
Idioma:eslovaco
Publicado em: Bratislava 2013
Tags: Adicionar Tag
Sem tags, seja o primeiro a adicionar uma tag!

MARC

LEADER 00000nbm a2200000 4500
001 0172794
005 20161109112118.4
041 0 |a slo 
044 |a SK 
245 1 0 |a Rusko - čínske vzťahy po rozpade ZSSR  |b bakalárska práca  |c Michaela Balážecová ; školiteľ: Ľubomír Čech 
264 1 |a Bratislava  |c 2013 
300 |a 54 s. 
100 1 |a Balážecová, Michaela 
700 1 |a Čech, Ľubomír, 1955- 
710 2 |a Fakulta medzinárodných vzťahov EU. Katedra medzinárodných politických vzťahov